[Event "GBR-ch 99th"]
[Site "North Shields"]
[Date "2012.08.02"]
[Round "10"]
[White "Mason, Donald"]
[Black "Batchelor, Peter"]
[Result "1/2-1/2"]
[WhiteElo "2244"]
[BlackElo "2103"]
[PlyCount "51"]
[EventDate "2012.07.23"]
[EventType "swiss"]
[EventRounds "11"]
[EventCountry "ENG"]
[Source "John Saunders"]
[SourceDate "2015.07.24"]

1. e4 c6 2. c4 d5 3. exd5 cxd5 4. cxd5 Nf6 5. Nc3 Nxd5 6. Nf3 Nc6 7. Bb5 e6 8.
d4 Be7 9. O-O O-O 10. Bd3 f5 11. Re1 Bf6 12. Bc4 Nb6 13. Bxe6+ Bxe6 14. Rxe6
Nxd4 15. Nxd4 Bxd4 16. Qb3 Kh8 17. Bf4 Bxc3 18. bxc3 Re8 19. Rae1 Qd7 20. h3
Rxe6 21. Qxe6 Qxe6 22. Rxe6 Kg8 23. Be3 Nd5 24. Bd4 Rd8 25. Bxa7 Nxc3 26. Re7
1/2-1/2

[Event "GBR-ch 99th"]
[Site "North Shields"]
[Date "2012.08.02"]
[Round "10"]
[White "Osborne, Marcus E"]
[Black "Foo, William"]
[Result "1-0"]
[WhiteElo "2245"]
[BlackElo "2009"]
[PlyCount "61"]
[EventDate "2012.07.23"]
[EventType "swiss"]
[EventRounds "11"]
[EventCountry "ENG"]
[Source "John Saunders"]
[SourceDate "2015.07.24"]

1. d4 d5 2. c4 c6 3. Nc3 Nf6 4. Nf3 a6 5. e3 b5 6. b3 Bg4 7. Bd2 Nbd7 8. h3 Bh5
9. g4 Bg6 10. Nh4 e6 11. Nxg6 hxg6 12. g5 b4 13. Nxd5 Nxd5 14. cxd5 exd5 15.
Qc2 c5 16. dxc5 Bxc5 17. h4 Qe7 18. Bg2 Nb6 19. Rc1 Rc8 20. Kf1 O-O 21. Bh3 f5
22. Qd3 Qe4 23. Ke2 Nd7 24. f3 Qe6 25. f4 Rfe8 26. h5 d4 27. hxg6 Rf8 28. e4
Nb6 29. Kf1 Qxe4 30. Qxe4 fxe4 31. Be6+ 1-0

[Event "GBR-ch 99th"]
[Site "North Shields"]
[Date "2012.08.02"]
[Round "10"]
[White "Oswald, Graeme"]
[Black "Varnam, Liam"]
[Result "0-1"]
[WhiteElo "2178"]
[BlackElo "2070"]
[PlyCount "144"]
[EventDate "2012.07.23"]
[EventType "swiss"]
[EventRounds "11"]
[EventCountry "ENG"]
[Source "John Saunders"]
[SourceDate "2015.07.24"]

1. e4 c5 2. Nf3 Nc6 3. d4 cxd4 4. Nxd4 Nf6 5. Nc3 e5 6. Ndb5 d6 7. Bg5 a6 8.
Na3 b5 9. Nd5 Be7 10. Bxf6 Bxf6 11. c3 O-O 12. Nc2 Rb8 13. Be2 Bg5 14. O-O a5
15. Qd3 f5 16. Bf3 f4 17. b4 a4 18. Na3 Ba6 19. Rab1 Kh8 20. Rfd1 Qd7 21. h3
Bh4 22. Qf1 Qf7 23. Rb2 Nd8 24. Be2 f3 25. Bxf3 Ne6 26. Bg4 Ng5 27. g3 h5 28.
gxh4 Nxe4 29. Qg2 Nf6 30. Bf3 e4 31. Bxe4 Nxe4 32. Qxe4 Rbe8 33. Qd3 Bb7 34.
Nxb5 Bxd5 35. Qxd5 Re1+ 36. Kh2 Qf4+ 37. Kg2 Re5 38. Qxd6 Qe4+ 39. Kg1 Rf6 40.
Qxf6 gxf6 41. Nd6 Qf3 42. Rbd2 Re7 43. Rd3 Rg7+ 44. Kf1 Qg2+ 45. Ke2 Re7+ 46.
Re3 Rxe3+ 47. Kxe3 Qxh3+ 48. Ke2 Qe6+ 49. Kf1 Qxa2 50. c4 Qc2 51. Rd5 a3 52.
Rxh5+ Kg8 53. Ra5 a2 54. c5 Qb1+ 55. Kg2 a1=Q 56. Rxa1 Qxa1 57. c6 Qc3 58. b5
Qc5 59. Ne4 Qxb5 60. Nxf6+ Kf7 61. Ng4 Qxc6+ 62. Kg3 Qd6+ 63. Kf3 Kg6 64. Kg2
Kh5 65. Ne3 Qc6+ 66. Kg3 Qg6+ 67. Kf3 Kxh4 68. Ng2+ Kg5 69. Ne3 Qc6+ 70. Ke2
Kf4 71. Nd1 Qc2+ 72. Ke1 Kf3 0-1

[Event "GBR-ch 99th"]
[Site "North Shields"]
[Date "2012.08.02"]
[Round "10"]
[White "Shaw, Robert"]
[Black "Burnett, Jim"]
[Result "1/2-1/2"]
[WhiteElo "2220"]
[BlackElo "2174"]
[PlyCount "26"]
[EventDate "2012.07.23"]
[EventType "swiss"]
[EventRounds "11"]
[EventCountry "ENG"]
[Source "John Saunders"]
[SourceDate "2015.07.24"]

1. e4 e6 2. d4 d5 3. Nc3 Bb4 4. exd5 exd5 5. Bd3 Ne7 6. Qf3 Be6 7. Nge2 Qd7 8.
O-O Nbc6 9. a3 Bxc3 10. bxc3 Bf5 11. Rb1 Bxd3 12. cxd3 b6 13. a4 O-O 1/2-1/2

[Event "GBR-ch 99th"]
[Site "North Shields"]
[Date "2012.08.02"]
[Round "10"]
[White "Sugden, John N"]
[Black "Kolbus, Dietmar"]
[Result "1/2-1/2"]
[WhiteElo "2142"]
[BlackElo "2321"]
[PlyCount "89"]
[EventDate "2012.07.23"]
[EventType "swiss"]
[EventRounds "11"]
[EventCountry "ENG"]
[Source "John Saunders"]
[SourceDate "2015.07.24"]

1. e4 c5 2. Nc3 Nc6 3. g3 g6 4. Bg2 Bg7 5. d3 d6 6. f4 e6 7. Nf3 Nge7 8. O-O
O-O 9. Bd2 b6 10. Rb1 Bb7 11. a3 Qd7 12. Nh4 f5 13. b4 Rac8 14. exf5 exf5 15.
Nd5 Nxd5 16. Bxd5+ Kh8 17. c3 Ne7 18. Bxb7 Qxb7 19. b5 Rfe8 20. Re1 Ng8 21. Qf3
Qd7 22. a4 Nf6 23. Rxe8+ Rxe8 24. Re1 Rd8 25. Qe2 Kg8 26. Nf3 h6 27. Qe7 Re8
28. Qxd7 Rxe1+ 29. Bxe1 Nxd7 30. c4 Kf7 31. Kf2 Ke6 32. Bd2 d5 33. Nh4 Nf8 34.
Ke2 Kd6 35. Kf3 Bf6 36. Ng2 Ne6 37. Ne3 Nc7 38. Ke2 Ke6 39. a5 Bd4 40. axb6
axb6 41. Nd1 Ne8 42. Bc3 Bf6 43. Bxf6 Nxf6 44. Nc3 d4 45. Na4 1/2-1/2

[Event "GBR-ch 99th"]
[Site "North Shields"]
[Date "2012.08.02"]
[Round "10"]
[White "Wadsworth, Matthew J"]
[Black "Murphy, Hugh"]
[Result "1/2-1/2"]
[WhiteElo "2037"]
[BlackElo "2180"]
[PlyCount "86"]
[EventDate "2012.07.23"]
[EventType "swiss"]
[EventRounds "11"]
[EventCountry "ENG"]
[Source "John Saunders"]
[SourceDate "2015.07.24"]

1. e4 e5 2. Nf3 Nc6 3. Bb5 Nf6 4. O-O Bc5 5. c3 O-O 6. d4 Bb6 7. Re1 d6 8. h3
Bd7 9. Bg5 h6 10. Bh4 Re8 11. dxe5 dxe5 12. Bxf6 gxf6 13. Nh4 f5 14. Qh5 Qg5
15. Qxg5+ hxg5 16. Nxf5 Bxf5 17. exf5 Rad8 18. Na3 Rd2 19. Re2 Red8 20. Rae1
Rxe2 21. Rxe2 Rd1+ 22. Kh2 f6 23. Nc4 Ne7 24. Ba4 Rd8 25. Nxb6 axb6 26. Bc2 Nc8
27. g3 Nd6 28. Kg2 Kg7 29. b3 Nb5 30. Re3 Rd2 31. a4 Nd6 32. Bd3 Rb2 33. b4 Ra2
34. Re2 Rxa4 35. f4 gxf4 36. gxf4 Nf7 37. Bc4 c5 38. Bxf7 Kxf7 39. fxe5 fxe5
40. bxc5 bxc5 41. Rxe5 Rc4 42. Re3 Kf6 43. Rf3 b5 1/2-1/2

[Event "GBR-ch 99th"]
[Site "North Shields"]
[Date "2012.08.02"]
[Round "10"]
[White "Walker, David"]
[Black "Shaw, Peter"]
[Result "1-0"]
[WhiteElo "2276"]
[BlackElo "2168"]
[PlyCount "51"]
[EventDate "2012.07.23"]
[EventType "swiss"]
[EventRounds "11"]
[EventCountry "ENG"]
[Source "John Saunders"]
[SourceDate "2015.07.24"]

1. d4 d5 2. c4 e6 3. Nc3 Be7 4. Nf3 Nf6 5. g3 dxc4 6. Bg2 Nbd7 7. Qa4 O-O 8.
Qxc4 a6 9. Bf4 Ne8 10. O-O b5 11. Qd3 Bb7 12. Ng5 Bxg5 13. Bxg5 Qxg5 14. Bxb7
Ra7 15. Bc6 Qe7 16. Rac1 Nef6 17. Ne4 Rd8 18. e3 e5 19. Rfd1 Nb8 20. d5 Nxe4
21. Qxe4 Qd6 22. Qc2 g6 23. e4 Kg7 24. Kg2 Kg8 25. Qb3 Kg7 26. Qe3 1-0

[Event "GBR-ch 99th"]
[Site "North Shields"]
[Date "2012.08.03"]
[Round "11"]
[White "Brown, Martin"]
[Black "Combie, Alexander"]
[Result "1-0"]
[WhiteElo "2224"]
[BlackElo "2039"]
[PlyCount "131"]
[EventDate "2012.07.23"]
[EventType "swiss"]
[EventRounds "11"]
[EventCountry "ENG"]
[Source "John Saunders"]
[SourceDate "2015.07.24"]

1. e4 c5 2. Nf3 d6 3. d4 cxd4 4. Nxd4 Nf6 5. Nc3 a6 6. Be2 e5 7. Nb3 Be7 8. Bg5
Be6 9. Bxf6 Bxf6 10. Qd3 Nc6 11. O-O-O Be7 12. Nd5 Bg5+ 13. Kb1 O-O 14. h4 Bxh4
15. g3 Bg5 16. f4 Bh6 17. f5 Bxd5 18. exd5 Nb8 19. Rdf1 Qg5 20. Qc4 Nd7 21. Qc7
Nf6 22. Qxb7 Ne4 23. Bxa6 Nxg3 24. Rhg1 Qe3 25. Re1 Qf2 26. a4 Be3 27. Qc6 Qf4
28. Bb7 Rxa4 29. Rxe3 Qxe3 30. Rxg3 Qe1+ 31. Nc1 Rf4 32. Qc3 Qxc3 33. Rxc3 Rxf5
34. b4 e4 35. b5 Rf3 36. Rc4 f5 37. b6 Ra3 38. Bc8 Ra8 39. b7 Rb8 40. Ne2 Rf7
41. Kc1 Rfxb7 42. Bxb7 Rxb7 43. Nd4 g6 44. Ne6 h5 45. Kd2 Kh7 46. Ke3 h4 47.
Kf4 Kh6 48. Rc8 Re7 49. Rf8 Kh7 50. Ra8 Kh6 51. c4 e3 52. Rh8+ Rh7 53. Rxh7+
Kxh7 54. Kxe3 Kg8 55. c5 Kf7 56. c6 Ke7 57. Ng5 Kd8 58. Kf4 Ke7 59. Nh3 Kd8 60.
Kg5 Ke7 61. Kxg6 f4 62. Nxf4 Kd8 63. Kf7 Kc8 64. Ke8 Kc7 65. Ke7 h3 66. Nxh3
1-0

[Event "GBR-ch 99th"]
[Site "North Shields"]
[Date "2012.08.03"]
[Round "11"]
[White "Burke, Mitchell R"]
[Black "Bhatia, Kanwal K"]
[Result "1-0"]
[WhiteElo "1917"]
[BlackElo "2103"]
[PlyCount "70"]
[EventDate "2012.07.23"]
[EventType "swiss"]
[EventRounds "11"]
[EventCountry "ENG"]
[Source "John Saunders"]
[SourceDate "2015.07.24"]

1. e4 e5 2. Nf3 Nc6 3. Bb5 a6 4. Bxc6 dxc6 5. O-O Bd6 6. d4 exd4 7. Qxd4 f6 8.
Be3 Ne7 9. Nbd2 Be6 10. Qc3 O-O 11. Nd4 Bf7 12. f4 Qd7 13. Rad1 Rfe8 14. Ne2
Qg4 15. Nf3 Ng6 16. h3 Qc8 17. Nd2 Qd7 18. Ng3 Rad8 19. Nf5 Bf8 20. Ng3 b6 21.
Nf3 Qxd1 22. Rxd1 Rxd1+ 23. Kh2 Bd6 24. Qxc6 Nxf4 25. Bxf4 Bxf4 26. c4 h5 27.
h4 Red8 28. e5 fxe5 29. Qxc7 R1d7 30. Qxb6 Bxc4 31. Qc5 Bd5 32. Ng5 Bxa2 33.
Qa3 Bxg3+ 34. Qxg3 Re7 35. Qa3 Rde8 1-0

[Event "GBR-ch 99th"]
[Site "North Shields"]
[Date "2012.08.03"]
[Round "11"]
[White "Burnett, Jim"]
[Black "Coathup, Roger"]
[Result "1-0"]
[WhiteElo "2174"]
[BlackElo "2136"]
[PlyCount "115"]
[EventDate "2012.07.23"]
[EventType "swiss"]
[EventRounds "11"]
[EventCountry "ENG"]
[Source "John Saunders"]
[SourceDate "2015.07.24"]

1. d4 Nf6 2. c4 g6 3. g3 Bg7 4. Bg2 O-O 5. Nc3 d6 6. Nf3 Nbd7 7. O-O e5 8. e4
a6 9. Re1 exd4 10. Nxd4 Ng4 11. Nde2 Rb8 12. h3 Nge5 13. b3 b5 14. cxb5 axb5
15. b4 c5 16. a3 c4 17. Be3 Nd3 18. Rf1 N7e5 19. Nd4 Bd7 20. Qc2 Qc8 21. Kh2
Re8 22. Rab1 Nc6 23. Ndxb5 Ncxb4 24. axb4 Bxb5 25. Rfd1 Qe6 26. Nd5 Rec8 27.
Kg1 Qe8 28. Nc3 Bc6 29. b5 Bxb5 30. Nxb5 Rxb5 31. Rxb5 Nxf2 32. Bxf2 Qxb5 33.
Rxd6 c3 34. Bf1 Qb2 35. Bd3 h5 36. Rb6 Qa3 37. Kg2 Rd8 38. Rb1 Qd6 39. Bc4 Qd2
40. Rc1 Qg5 41. h4 Qg4 42. Qe2 Qc8 43. Be1 Rd4 44. Bd5 Rb4 45. Rc2 Rb2 46. Qd3
Qc7 47. Rxb2 cxb2 48. Ba2 Qb7 49. Bb1 Qc7 50. Bf2 Qe5 51. Be3 Kh7 52. Bf4 Qa5
53. Bd2 Qc7 54. Qc2 Qe5 55. Bf4 Qa5 56. Qd1 Qc3 57. e5 Bxe5 58. Qxh5+ 1-0

[Event "GBR-ch 99th"]
[Site "North Shields"]
[Date "2012.08.03"]
[Round "11"]
[White "Conquest, Stuart"]
[Black "Arkell, Keith C"]
[Result "1/2-1/2"]
[WhiteElo "2501"]
[BlackElo "2441"]
[PlyCount "164"]
[EventDate "2012.07.23"]
[EventType "swiss"]
[EventRounds "11"]
[EventCountry "ENG"]
[Source "John Saunders"]
[SourceDate "2015.07.24"]

1. e4 c6 2. d4 d5 3. e5 c5 4. Ne2 cxd4 5. Nxd4 Nc6 6. Bb5 Bd7 7. e6 fxe6 8.
Bxc6 bxc6 9. O-O Qc7 10. f4 c5 11. Nf3 Nf6 12. c4 g6 13. Nc3 d4 14. Ne2 Bg7 15.
Bd2 Ne4 16. Nc1 Bc6 17. Nd3 O-O 18. Qe1 a5 19. Rd1 a4 20. Bc1 Qd6 21. Qh4 Rf5
22. Rde1 Rh5 23. Qg4 Rf5 24. Nfe5 Rc8 25. Nxc6 Qxc6 26. Qe2 Nd6 27. Qxe6+ Kh8
28. b3 Rc7 29. Rf3 axb3 30. axb3 Qb7 31. Ne5 Rf6 32. Qg4 Nf5 33. Rh3 Kg8 34.
Qd1 Rd6 35. Qc2 Rb6 36. Bd2 Qa8 37. Kh1 Ra6 38. Qd1 Ra2 39. Qe2 Ne3 40. Qf3
Qxf3 41. Nxf3 Rb7 42. Bxe3 dxe3 43. Rxe3 Ra1+ 44. Re1 Rxb3 45. Rxa1 Bxa1 46.
Nd2 Rb2 47. Rd3 Rc2 48. h3 Bb2 49. Kg1 Bc1 50. Nb3 Ba3 51. Nd4 cxd4 52. Rxa3
Rxc4 53. Ra5 Rc2 54. Rd5 Rd2 55. g4 Kf7 56. Kf1 Ke6 57. Rd8 h5 58. Ke1 Rd3 59.
gxh5 gxh5 60. Ke2 Re3+ 61. Kf2 Rd3 62. Ke2 Rxh3 63. Rxd4 Rc3 64. Kf2 Rc8 65.
Re4+ Kf6 66. Re5 Rh8 67. Kg3 Rg8+ 68. Kf3 Rh8 69. Kg3 h4+ 70. Kh3 Rh7 71. Ra5
Ke6 72. Re5+ Kd6 73. Rg5 Ke6 74. Re5+ Kf6 75. Ra5 Ke6 76. Re5+ Kd6 77. Rg5 Rh8
78. Rg4 Ke6 79. Rxh4 Rxh4+ 80. Kxh4 Kf5 81. Kg3 e5 82. fxe5 Kxe5 1/2-1/2

[Event "GBR-ch 99th"]
[Site "North Shields"]
[Date "2012.08.03"]
[Round "11"]
[White "Foo, William"]
[Black "Sugden, John N"]
[Result "1-0"]
[WhiteElo "2009"]
[BlackElo "2142"]
[PlyCount "115"]
[EventDate "2012.07.23"]
[EventType "swiss"]
[EventRounds "11"]
[EventCountry "ENG"]
[Source "John Saunders"]
[SourceDate "2015.07.24"]

1. d4 Nf6 2. c4 e6 3. g3 c5 4. d5 exd5 5. cxd5 d6 6. Nc3 g6 7. Nf3 Bg7 8. Bg2
O-O 9. O-O Re8 10. Nd2 a6 11. a4 Nbd7 12. Nc4 Nb6 13. Na3 Bd7 14. Bf4 Nc8 15.
Nc4 Qc7 16. e4 Nh5 17. Bd2 Rb8 18. a5 b5 19. axb6 Nxb6 20. Na5 Nc8 21. Nc6 Rxb2
22. Rxa6 Rb6 23. Rxb6 Qxb6 24. Qa4 Ne7 25. Rb1 Bxc6 26. Rxb6 Bxa4 27. Nxa4 Ra8
28. Nc3 Be5 29. f4 Bd4+ 30. Kf1 Nc8 31. Rc6 Ng7 32. Nb5 Ne8 33. Nxd4 cxd4 34.
Rc4 Nb6 35. Rxd4 Nd7 36. Ke2 Nef6 37. Bb4 Ra6 38. Kf3 h5 39. Bf1 Rb6 40. h3 Kg7
41. Bd3 Ne8 42. Rc4 f6 43. Ke3 Kf7 44. Bc3 Rb3 45. Bd4 Ke7 46. Rc2 Rb1 47. Rb2
Rxb2 48. Bxb2 Nc7 49. Kd4 Nc5 50. Bc4 Nd7 51. Ba3 Ne8 52. Bb5 Nc7 53. Bxd7 Kxd7
54. Kc4 Ne8 55. Bb2 Ke7 56. e5 fxe5 57. fxe5 Kd7 58. e6+ 1-0

[Event "GBR-ch 99th"]
[Site "North Shields"]
[Date "2012.08.03"]
[Round "11"]
[White "Foster, James M"]
[Black "Mason, Donald"]
[Result "0-1"]
[WhiteElo "2037"]
[BlackElo "2244"]
[PlyCount "70"]
[EventDate "2012.07.23"]
[EventType "swiss"]
[EventRounds "11"]
[EventCountry "ENG"]
[Source "John Saunders"]
[SourceDate "2015.07.24"]

1. e4 e6 2. d4 d5 3. e5 c5 4. c3 Nc6 5. Nf3 Nh6 6. Bd3 cxd4 7. cxd4 Nf5 8. Bxf5
exf5 9. Qb3 Qb6 10. Qxb6 axb6 11. O-O Be6 12. Nc3 h6 13. Rd1 Be7 14. Ne1 f6 15.
f4 fxe5 16. fxe5 O-O 17. g3 g5 18. Ng2 Ra5 19. Be3 b5 20. Ne2 Rfa8 21. Nc1 Nb4
22. Bd2 R5a7 23. Bxb4 Bxb4 24. Rb1 Be7 25. b3 Rc8 26. Kh1 f4 27. gxf4 Bf5 28.
Ra1 Be4 29. Nd3 Rc2 30. Nde1 Rcxa2 31. Rxa2 Rxa2 32. Kg1 gxf4 33. Nxf4 Bg5 34.
Nfg2 Rb2 35. Rc1 Rxg2+ 0-1

[Event "GBR-ch 99th"]
[Site "North Shields"]
[Date "2012.08.03"]
[Round "11"]
[White "Gordon, Stephen J"]
[Black "Hawkins, Jonathan"]
[Result "1/2-1/2"]
[WhiteElo "2539"]
[BlackElo "2499"]
[PlyCount "35"]
[EventDate "2012.07.23"]
[EventType "swiss"]
[EventRounds "11"]
[EventCountry "ENG"]
[Source "John Saunders"]
[SourceDate "2015.07.24"]

1. d4 Nf6 2. c4 g6 3. Nc3 d5 4. Nf3 Bg7 5. Qb3 dxc4 6. Qxc4 O-O 7. e4 a6 8. Qa4
c5 9. dxc5 Bd7 10. Qa3 Bc6 11. Nd2 Nbd7 12. Be2 e6 13. O-O Qe7 14. f3 Qxc5+ 15.
Qxc5 Nxc5 16. Nb3 Nxb3 17. axb3 Rfd8 18. Be3 1/2-1/2

[Event "GBR-ch 99th"]
[Site "North Shields"]
[Date "2012.08.03"]
[Round "11"]
[White "Gormally, Daniel"]
[Black "Hanley, Craig"]
[Result "1-0"]
[WhiteElo "2505"]
[BlackElo "2419"]
[PlyCount "71"]
[EventDate "2012.07.23"]
[EventType "swiss"]
[EventRounds "11"]
[EventCountry "ENG"]
[Source "John Saunders"]
[SourceDate "2015.07.24"]

1. d4 Nf6 2. c4 e5 3. dxe5 Ng4 4. Nf3 Nc6 5. Nc3 Bc5 6. e3 Ngxe5 7. Be2 O-O 8.
O-O Nxf3+ 9. Bxf3 Ne5 10. Be2 a5 11. Ne4 Ba7 12. c5 f5 13. Nc3 Kh8 14. Na4 d6
15. cxd6 c6 16. b3 Rf6 17. Bb2 Rxd6 18. Qc2 Nd7 19. Rad1 Nf6 20. Be5 Rxd1 21.
Rxd1 Nd5 22. Nc3 Qe7 23. Nxd5 Qxe5 24. Nf4 Bb6 25. h4 Be6 26. Bc4 Bc8 27. h5
Qf6 28. g3 g5 29. hxg6 hxg6 30. Kg2 Kg7 31. Be2 Bd8 32. Bf3 Be7 33. Qc4 Bd6 34.
Nxg6 Bxg3 35. fxg3 Be6 36. Nf4 1-0

[Event "GBR-ch 99th"]
[Site "North Shields"]
[Date "2012.08.03"]
[Round "11"]
[White "Harvey, Marcus Ross"]
[Black "Eggleston, David"]
[Result "1/2-1/2"]
[WhiteElo "2134"]
[BlackElo "2323"]
[PlyCount "47"]
[EventDate "2012.07.23"]
[EventType "swiss"]
[EventRounds "11"]
[EventCountry "ENG"]
[Source "John Saunders"]
[SourceDate "2015.07.24"]

1. g3 Nf6 2. Bg2 e6 3. d4 d5 4. Nf3 b5 5. O-O Be7 6. Ne5 O-O 7. Nd2 Nfd7 8. Nd3
Bb7 9. e4 Na6 10. Re1 c5 11. c3 cxd4 12. cxd4 dxe4 13. Nxe4 Bd5 14. Nf4 Nc7 15.
Nxd5 Nxd5 16. Nc3 Nxc3 17. bxc3 Rc8 18. Qb3 Nb6 19. Qxb5 Rxc3 20. Qa5 Rc7 21.
Rd1 Bf6 22. Be3 Qd7 23. Rab1 Nc4 24. Qb5 1/2-1/2

[Event "GBR-ch 99th"]
[Site "North Shields"]
[Date "2012.08.03"]
[Round "11"]
[White "Hoare, Amy B"]
[Black "Whitfield, Craig M"]
[Result "0-1"]
[WhiteElo "1958"]
[BlackElo "2020"]
[PlyCount "80"]
[EventDate "2012.07.23"]
[EventType "swiss"]
[EventRounds "11"]
[EventCountry "ENG"]
[Source "John Saunders"]
[SourceDate "2015.07.24"]

1. e4 c5 2. Nf3 e6 3. c3 d5 4. exd5 Qxd5 5. d4 Nf6 6. Be2 Be7 7. O-O cxd4 8.
cxd4 Nc6 9. Nc3 Qd6 10. Be3 O-O 11. a3 b6 12. Qb3 Bb7 13. Rac1 Rac8 14. Rfd1
Rfd8 15. Qa2 Nd5 16. Nxd5 Qxd5 17. Qxd5 Rxd5 18. Bc4 Rdd8 19. b4 Bf6 20. d5 Nb8
21. d6 Bxf3 22. gxf3 Be5 23. Bg5 Rxd6 24. Kg2 Rxd1 25. Rxd1 Bf6 26. Bxf6 gxf6
27. Bb5 a6 28. Ba4 b5 29. Bb3 Kg7 30. Rd3 Nc6 31. f4 f5 32. f3 Rd8 33. Rxd8
Nxd8 34. Bc2 Nc6 35. Bd3 Kf6 36. Kg3 Ne7 37. a4 bxa4 38. Bxa6 Nd5 39. Bc4 Nxb4
40. h4 a3 0-1

[Event "GBR-ch 99th"]
[Site "North Shields"]
[Date "2012.08.03"]
[Round "11"]
[White "Holland, James P"]
[Black "Turner, Matthew"]
[Result "0-1"]
[WhiteElo "2200"]
[BlackElo "2508"]
[PlyCount "138"]
[EventDate "2012.07.23"]
[EventType "swiss"]
[EventRounds "11"]
[EventCountry "ENG"]
[Source "John Saunders"]
[SourceDate "2015.07.24"]

1. d4 Nf6 2. Nf3 g6 3. g3 Bg7 4. Bg2 O-O 5. O-O d6 6. Nc3 Bg4 7. h3 Bxf3 8.
Bxf3 c6 9. b3 e5 10. dxe5 dxe5 11. Ba3 Qxd1 12. Raxd1 Re8 13. Rd2 Na6 14. Ne4
Nxe4 15. Bxe4 Rad8 16. Rfd1 Rxd2 17. Rxd2 Bf8 18. Bb2 Nc5 19. Bg2 f6 20. e3 Be7
21. f4 exf4 22. exf4 Kf7 23. Ba3 Nxb3 24. cxb3 Bxa3 25. Rd7+ Re7 26. Rxe7+ Kxe7
27. Kf2 Kd6 28. Ke3 Kc5 29. Kd3 Bc1 30. Kc2 Be3 31. Kd3 Bg1 32. g4 Kb4 33. Kc2
Ka3 34. Kb1 a5 35. Be4 a4 36. bxa4 Kxa4 37. h4 Kb4 38. f5 gxf5 39. Bxf5 h5 40.
gxh5 Be3 41. Kc2 Kc4 42. Bc8 b5 43. Bd7 Kd5 44. Kd3 Bh6 45. Be8 f5 46. Bg6 f4
47. Be4+ Kd6 48. Bf3 c5 49. Bb7 Kc7 50. Be4 Kb6 51. Kc3 Ka5 52. Bd5 Ka4 53. Bc6
Bg7+ 54. Kc2 Kb4 55. Bd5 Bh6 56. Bf3 c4 57. Bc6 Kc5 58. Bg2 Kd4 59. Bc6 b4 60.
Bg2 Bg7 61. Kd2 Bf6 62. h6 Bxh4 63. h7 Bf6 64. Bf3 Bh8 65. Bg2 b3 66. axb3 cxb3
67. Bh3 Ke4 68. Be6 b2 69. Ba2 Kf3 0-1

[Event "GBR-ch 99th"]
[Site "North Shields"]
[Date "2012.08.03"]
[Round "11"]
[White "Howell, David"]
[Black "Osborne, Marcus E"]
[Result "1-0"]
[WhiteElo "2620"]
[BlackElo "2245"]
[PlyCount "57"]
[EventDate "2012.07.23"]
[EventType "swiss"]
[EventRounds "11"]
[EventCountry "ENG"]
[Source "John Saunders"]
[SourceDate "2015.07.24"]

1. e4 e6 2. d4 d5 3. Nc3 Nf6 4. Bg5 Bb4 5. e5 h6 6. Bd2 Bxc3 7. bxc3 Ne4 8. Qg4
Kf8 9. Bd3 Nxd2 10. Kxd2 c5 11. Nf3 c4 12. Be2 Nc6 13. Qf4 Bd7 14. g4 b5 15. a3
a5 16. Rhb1 Rb8 17. h4 Kg8 18. h5 Qf8 19. Qe3 b4 20. axb4 axb4 21. cxb4 Rxb4
22. c3 Rxb1 23. Rxb1 Na5 24. Bd1 Qa3 25. Rb8+ Kh7 26. Bc2+ g6 27. hxg6+ fxg6
28. Rxh8+ Kxh8 29. Qxh6+ 1-0

[Event "GBR-ch 99th"]
[Site "North Shields"]
[Date "2012.08.03"]
[Round "11"]
[White "Jackson, James P"]
[Black "Grattage, Matthew"]
[Result "1-0"]
[WhiteElo "2126"]
[BlackElo "1986"]
[PlyCount "81"]
[EventDate "2012.07.23"]
[EventType "swiss"]
[EventRounds "11"]
[EventCountry "ENG"]
[Source "John Saunders"]
[SourceDate "2015.07.24"]

1. e4 e5 2. Nf3 Nc6 3. Bb5 Nf6 4. O-O Nxe4 5. d4 Nd6 6. Bxc6 dxc6 7. dxe5 Nf5
8. Qxd8+ Kxd8 9. Nc3 Ke8 10. b3 h6 11. Bb2 Be6 12. Ne2 g5 13. h3 Bg7 14. g4 Ne7
15. Ng3 Rd8 16. Nh5 Rg8 17. Rad1 Nd5 18. Nd2 Nf4 19. Nxg7+ Rxg7 20. Ne4 Rxd1
21. Rxd1 b6 22. Ba3 c5 23. Nf6+ Ke7 24. b4 cxb4 25. Bxb4+ c5 26. Be1 Nxh3+ 27.
Kh2 Nf4 28. f3 Ng6 29. Bc3 Nf8 30. a4 Rg6 31. a5 Nd7 32. Kg3 b5 33. Kf2 Kd8 34.
Rd6 Kc7 35. Ra6 Nxf6 36. exf6 Kb7 37. Rd6 Rg8 38. a6+ Ka8 39. Be5 b4 40. Rxe6
fxe6 41. Bd6 1-0

[Event "GBR-ch 99th"]
[Site "North Shields"]
[Date "2012.08.03"]
[Round "11"]
[White "Jaunooby, Ali Reza"]
[Black "Ledger, Stephen"]
[Result "1-0"]
[WhiteElo "2165"]
[BlackElo "2089"]
[PlyCount "75"]
[EventDate "2012.07.23"]
[EventType "swiss"]
[EventRounds "11"]
[EventCountry "ENG"]
[Source "John Saunders"]
[SourceDate "2015.07.24"]

1. d4 Nf6 2. Nf3 d5 3. Bg5 e6 4. e3 Be7 5. Nbd2 Nbd7 6. Bd3 O-O 7. Qe2 c5 8. c3
b6 9. Ne5 Bb7 10. Qf3 Nxe5 11. dxe5 Nd7 12. Bf4 Re8 13. h4 Qc7 14. Qg3 c4 15.
Bc2 b5 16. Nf3 Nc5 17. Bh6 Bf8 18. Nd4 a6 19. h5 Kh8 20. Bf4 b4 21. h6 g6 22.
Nf3 bxc3 23. bxc3 Bc6 24. O-O Ba4 25. Rac1 Bxc2 26. Rxc2 Ne4 27. Qh3 Rab8 28.
Nh2 Rb5 29. Ng4 Reb8 30. f3 Nc5 31. Bg5 Rb1 32. Qh4 Rxf1+ 33. Kxf1 Nd7 34. Be7
Qb6 35. Re2 Qb1+ 36. Kf2 Qb5 37. Bxf8 Rxf8 38. Qe7 1-0

[Event "GBR-ch 99th"]
[Site "North Shields"]
[Date "2012.08.03"]
[Round "11"]
[White "Kolbus, Dietmar"]
[Black "Mackle, Dominic"]
[Result "1/2-1/2"]
[WhiteElo "2321"]
[BlackElo "2130"]
[PlyCount "75"]
[EventDate "2012.07.23"]
[EventType "swiss"]
[EventRounds "11"]
[EventCountry "ENG"]
[Source "John Saunders"]
[SourceDate "2015.07.24"]

1. c4 e5 2. g3 Nf6 3. Nc3 Bb4 4. Bg2 O-O 5. e4 Bxc3 6. dxc3 d6 7. Qe2 b6 8. Nf3
Bb7 9. Nh4 Nbd7 10. O-O Nc5 11. f3 a5 12. b3 Kh8 13. Be3 Ng8 14. Rad1 Ne7 15.
Qc2 Qe8 16. Rf2 f6 17. Bh3 Bc8 18. Bxc8 Qxc8 19. g4 Ne6 20. h3 Qe8 21. Rh2 Qc6
22. a4 g6 23. Rf2 Rf7 24. Kh2 Raf8 25. Rdf1 g5 26. Nf5 Nxf5 27. gxf5 Nf4 28.
Bxf4 gxf4 29. Rg2 Rg8 30. Rfg1 Rfg7 31. Rxg7 Rxg7 32. Rxg7 Kxg7 33. Qg2+ Kf8
34. Qf2 Qd7 35. Qh4 Qg7 36. Qg4 Kf7 37. Qh5+ Kf8 38. Qg4 1/2-1/2

[Event "GBR-ch 99th"]
[Site "North Shields"]
[Date "2012.08.03"]
[Round "11"]
[White "Maroroa, Sue Yuchan"]
[Black "Storey, Charles"]
[Result "1/2-1/2"]
[WhiteElo "2035"]
[BlackElo "2247"]
[PlyCount "77"]
[EventDate "2012.07.23"]
[EventType "swiss"]
[EventRounds "11"]
[EventCountry "ENG"]
[Source "John Saunders"]
[SourceDate "2015.07.24"]

1. e4 c6 2. d4 d5 3. exd5 cxd5 4. c4 Nf6 5. Nc3 e6 6. a3 Be7 7. Nf3 O-O 8. Be2
b6 9. O-O dxc4 10. Bxc4 Bb7 11. Qd3 Nd5 12. Nxd5 Bxd5 13. Bb5 Bf6 14. Bf4 Nc6
15. Ne5 Bxe5 16. dxe5 Qh4 17. Bg3 Qh5 18. Qe3 Ne7 19. Be2 Qg6 20. Bd3 Qg4 21.
h3 Qa4 22. Qg5 Nc6 23. Rfe1 Rad8 24. Re3 h6 25. Qh5 Bc4 26. Be4 Bd5 27. Bd3 Bc4
28. Be4 Nd4 29. Bh4 Ne2+ 30. Rxe2 Bxe2 31. Qxe2 Rd4 32. f3 Rc8 33. Bf2 Rd7 34.
Re1 Qb3 35. Be3 b5 36. Qf2 a5 37. Qg3 Kf8 38. Qf2 Kg8 39. Qg3 1/2-1/2